000 01125nam0a22002891 4500
001 rc\3011290
005 20250530012437.0
035 _a(NLR Aleph) 007153807
090 _a7178914
_c7178914
100 _a20110923d1936 |||y0rusy50 ca
101 0 _arus
102 _aRU
105 _ay z |||||
200 1 _aМутазиплитские рукописи Государственной Публичной библиотеки в Ленинграде
210 _a[Москва]
_a[Ленинград]
_c[Изд-во АН СССР]
_d[1936]
215 _a69-95 с.
_d25 см
300 _aОтт. из: "Библиогр. Востока, вып. 8-9 (1935)"
300 _aБез тит. л. и обл.
300 _aДарств. надпись
320 _aБиблиогр. в подстроч. примеч.
700 1 _7ca
_8rus
_aБорисов
_bА. Я.
_cвостоковед-семитолог
_f1903-1942
_gАндрей Яковлевич
_9201173
_3RU\NLR\AUTH\770201224
801 0 _aRU
_bNLR
_gpsbo
801 1 _aRU
_bELAR
_2rusmarc
852 _aNLR
_jКрI/6486
942 _cBOOK
980 _aNB